Ένωση Μαστιχοπαραγωγών Χίου και μαστιχοπαραραγωγοί : πολιτικές διαχείρισης του αγροτικού χώρου νότιας Χίου: στοιχεία διαχείρισης του περιβάλλοντος και του τοπίου μέσα από την διοικητική πολιτική της Ε.Μ.Χ. (1939 έως 1989) : διδακτορική διατριβή
Αποθηκεύτηκε σε:
| Κύριος συγγραφέας: | |
|---|---|
| Συγγραφή απο Οργανισμό/Αρχή: | |
| Μορφή: | Thesis Βιβλίο |
| Γλώσσα: | Greek |
| Δημοσίευση: |
2011
|
| Θέματα: | |
| Διαθέσιμο Online: | http://hdl.handle.net/11610/11076 |
| Ετικέτες: |
Προσθήκη ετικέτας
Δεν υπάρχουν, Καταχωρήστε ετικέτα πρώτοι!
|
MARC
| LEADER | 00000cam a2200000 i 4500 | ||
|---|---|---|---|
| 001 | 1/55679 | ||
| 008 | 140911s2011 gre d | ||
| 035 | |l 10119049 | ||
| 040 | |a GR-MY-UA |b gre |e aacr | ||
| 041 | 0 | |a gre | |
| 082 | 0 | |a 338.1 |2 (22) | |
| 100 | 1 | |a Τσούχλης, Δημήτρης Α. | |
| 245 | 1 | 0 | |a Ένωση Μαστιχοπαραγωγών Χίου και μαστιχοπαραραγωγοί : |b πολιτικές διαχείρισης του αγροτικού χώρου νότιας Χίου: στοιχεία διαχείρισης του περιβάλλοντος και του τοπίου μέσα από την διοικητική πολιτική της Ε.Μ.Χ. (1939 έως 1989) : διδακτορική διατριβή / |c Δημήτρης Α. Τσούχλης |
| 260 | |c 2011 | ||
| 300 | |a 327 σ.; |b πίν.; |c 30 εκ. | ||
| 502 | # | # | |a Διατριβή (διδακτορική) – Πανεπιστήμιο Αιγαίου, Λέσβος, 2011. |
| 504 | |a Βιβλιογραφία: σ. 238-261, παράρτημα | ||
| 650 | 0 | 0 | |a Gums and resins industry |z Greece |z Chios Island. |
| 650 | 0 | 0 | |a Gums and resins |z Greece |z Chios Island. |
| 650 | 0 | 0 | |a Agriculture, Cooperative |z Greece |z Chios Island. |
| 650 | 0 | 0 | |a Mastic industry |z Greece |z Chios Island. |
| 650 | 0 | 0 | |a Pistacia |z Greece |z Chios Island. |
| 650 | 0 | 0 | |a Agriculture |z Greece |z Chios Island. |
| 650 | 0 | 0 | |a Dissertations, Academic |z Greece. |
| 710 | 2 | |a Πανεπιστήμιο Αιγαίου. |b Σχολή Περιβάλλοντος. |b Τμήμα Περιβάλλοντος. | |
| 852 | |a INST |b LESVOS |c DIATR |e 20140911 |h 409 |p 005100055184 |q 005100055184 |t PHD |y 23 | ||
| 852 | |a INST |b LESVOS |c DIATR |e 20140911 |h 410 |p 005100055185 |q 005100055185 |t PHD |y 23 | ||
| 856 | |u http://hdl.handle.net/11610/11076 | ||
| 901 | |a BIBL1-2014-3 | ||
| 909 | |a Λ |b 173764 | ||
| 909 | |a Λ |b 173765 | ||
| 924 | |a ΤΣΟΥΧΛΗΣ |b ΔΗΜΗΤΡΗΣ |y ΛΕΣΒΟΣ |z 2011-11 | ||
| 970 | |a ΤΖΑΦΕΡΗ |b ΕΥΑΓΓΕΛΙΑ |z 2014/09/10 | ||